000 00539nam a2200205 i 4500
001 bg
245 0 _aInterfaces in metal matrix composites /
_ced. by Arthur G. Metcalfe.
260 _aNew York :
_bAcademic Press,
_c1974.
490 1 _aComposite Materials ;
_vVol.1
650 9 _aKompozyty
700 1 _aMETCALFE, Arthur G.
830 _aComposite Materials ;
020 _a0121365018
040 _cBPK
041 _apol
080 _a669
920 _a0-12-136501-8
942 _cKS
008 s pl f |000 0 pol
999 _c15879
_d15879
856 _uhttp://koha.tu.koszalin.pl/cgi-bin/koha/opac-detail.pl?biblionumber=15879
_yKatalog online BPK